000 00869cab a2200241 4500
001 WB2915-46
008 090401t1993 xxu||||| |||| 00| 0 eng d
035 _a(Sirsi) u6108
041 _aeng
245 _aReasons for refusing assignment
260 _c1993
350 _a0
490 _aTimes
_v16 April 1993, 30(1)
520 _a"Air India v Balabel" CA 1 April 1993. A landlord refusing to assign a lease did not have to prove that his reasons were true. The appellant`s claim that the Landlord and Tenant Act 1988 had changed the law on this point was found to be wrong.
650 _aASSIGNMENT
650 _aINTERNATIONAL DRILLING FLUIDS LTD V LOUISVILLE INVESTMENTS (UXBRIDGE) LTD
650 _aLEASES
650 _aREASONABLE
650 _aREASONS
690 _aLANDLORD AND TENANT-CASE LAW-BUSINESS TENANCIES
942 _n0
948 _c04/03/1997
999 _c3667
_d3667